1123 1582 1280 1390 1770 1897 1529 1666 1589 1176 1240 1940 1296 1945 1950 1293 1833 1989 1179 1745 1362 1275 1269 1076 1328 1922 1081 1962 1116 1147 1576 1138 1315 1521 1506 1444 1908 1760 1661 1034 1089 1557 1818 1547 1425 1000 1135 1410 1266 1946 1197 1641 1109 1282 1237 1759 1273 1497 1836 1025 1739 1263 1164 1324 1605 1203 1660 1908 1245 1538 1507 1810 1614 1872 1350 1710 1923 1963 1646 1518 1557 1054 1565 1985 1152 1293 1821 1439 1408 1884 1208 1847 1567 1217 1095 1464 1455 1869 1480 BCNSPRNW ULIB Ver.6.0+V

เปลี่ยนเป็นภาษาไทย

Change to English
 แสดงรายละเอียดบรรณานุกรม
  กลับหน้าหลัก

Brief Record : Get Marc (ISO 2709) : E-mail record : QR code < ปิดหน้าต่าง
LEADER : 00000nam 2200000uu 4500
001    13399110485
003     ULIB
008    110601s2551||||th 000 0 tha d
020    9789740492016
060 04 WO700^bพ247U 2551
245 00 Update on wound care^n2008 /^cบรรณาธิการ, พรพรหม เมืองแมน,จอมจักร จันทรสกุล, พรเทพ เปรมโยธิน
250    พิมพ์ครั้งที่ 1
260    กรุงเทพฯ :^bชมรมสมานแผลแห่งประเทศไทย,^c2551
300    ญ, 242 หน้า :^bภาพประกอบ ;^c22 ซม.
650  7 การรักษาบาดแผล
650  7 บาดแผลและบาดเจ็บ
650  7 บาดแผลและบาดเจ็บ^xการพยาบาล
650  7 บาดแผลและบาดเจ็บ^xการรักษา
653    ผลงานอาจารย์คณะแพทยศาสตร์ศิริราชพยาบาล
700 0  พรพรหม เมืองแมน,^eบรรณาธิการ
700 0  จอมจักร จันทรสกุล,^eบรรณาธิการ
700 0  พรเทพ เปรมโยธิน,^eบรรณาธิการ
710 2  ชมรมสมานแผลแห่งประเทศไทย
945    ^p300^l0^i024646
945    ^p300^l0^i024645
995    ทศพร
999 ^a ใช้งานได้ทุกระบบ
รายการนี้ยังไม่มีแท็ก
คุณยังไม่ได้ล็อกอิน คุณสามารถมีกิจกรรมร่วมกับเว็บไซต์ได้ แต่ต้องล็อกอินก่อน ::
  ล็อกอิน

รายการสื่อสารสนเทศ

ลำดับที่ ประเภท เลขเรียก/บาร์โค้ด สถานที่ สถานะ
- ไม่พบข้อมูล -

รายการใกล้เคียง
    หัวเรื่อง [การรักษาบาดแผล]
    หัวเรื่อง [บาดแผลและบาดเจ็บ]

BibComment


ยังไม่เคยถูกคอมเมนท์

คอมเมนท์ทรัพยากรรายการนี้
  คอมเมนท์: Update on wound c..


 Copyright 2026. Bcnsprnw @Library